000 00958nam a2200265Ia 4500
003 OSt
005 20220923211533.0
006 a|||||r|||| 00| 0
007 ta
008 220922b |||||||| |||| 00| 0 san d
020 _a9789382161844 (hbk)
_c850
024 _a348,742
037 _b242, 16/01/2019, Eastern Book Linkers
_cTextual
040 _aARTS
_cARTS
_bsan
041 _2san
_asan
082 _aO15v, 152Q6
100 _aशर्मा, सुनीता, ले.
_9156349
245 0 _aसंस्कृत साहित्य का इतिहास
246 _aSanskṛut sāhitya kā itihāsa
260 _aजयपुर
_b आस्था प्रकाशन
_c2016
300 _a239पृ0
_ccm.
650 _aसंस्कृत साहित्य
942 _hO15v, 152Q6
_cTEXL
_2CC
999 _c300562
_d300562